[Event "ISR-ch Women 2018"]
[Site "Ma'alot-Tarshih"]
[Date "2018.12.16"]
[Round "5"]
[White "Shaul Zeidner, Lyad"]
[Black "Levitan, Ronit"]
[Result "1-0"]
[WhiteElo "1671"]
[BlackElo "1875"]
[Annotator "NA"]
[PlyCount "145"]
[EventDate "2018.12.11"]
[EventType "swiss"]
[EventCountry "ISR"]
[SourceTitle "playchess.com"]
[Source "ChessBase"]
[SourceQuality "1"]
[TimeControl "40/5400+30:1800+30"]

1. e4 {[%emt 0:00:00]} e5 {[%emt 0:00:00]} 2. Bc4 {[%emt 0:00:00]} Nf6 {[%emt 0:00:29]} 3. d3 {[%emt 0:00:05]} Bc5 {[%emt 0:00:29]} 4. Nc3 {[%emt 0:00:40]} Nc6 {[%emt 0:00:31]} 5. f4 {[%emt 0:01:24]} d6 {[%emt 0:00:09]} 6. Nf3 {[%emt 0:01:01]} Bg4 {[%emt 0:00:41]} 7. Na4 {[%emt 0:10:21]} Bb6 {[%emt 0:00:07]} 8. Nxb6 {[%emt 0:00:23]} axb6 {[%emt 0:00:05]} 9. c3 {[%emt 0:00:11]} Na5 {[%emt 0:01:57]} 10. Bb5+ {[%emt 0:03:14]} c6 {[%emt 0:00:33]} 11. Ba4 {[%emt 0:00:20]} Bxf3 {[%emt 0:25:19]} 12. Qxf3 {[%emt 0:03:43]} exf4 {[%emt 0:08:00]} 13. Bxf4 {[%emt 0:03:51]} O-O {[%emt 0:06:43]} 14. Bc2 {[%emt 0:01:42]} c5 {[%emt 0:01:56]} 15. O-O {[%emt 0:01:56]} Qd7 {[%emt 0:01:17]} 16. Bg5 {[%emt 0:19:48]} Ne8 {[%emt 0:04:41]} 17. Qg3 {[%emt 0:05:59]} f6 {[%emt 0:04:38]} 18. Bd2 {[%emt 0:03:24]} Nc6 {[%emt 0:01:02]} 19. Bd1 {[%emt 0:01:05]} Nc7 {[%emt 0:01:37]} 20. Bf4 {[%emt 0:02:24]} Rfd8 {[%emt 0:02:03]} 21. Bg4 {[%emt 0:03:59]} Qe7 {[%emt 0:01:54]} 22. Rf2 {[%emt 0:09:49]} Ne5 {[%emt 0:01:58]} 23. Bf5 {[%emt 0:01:37]} Ne6 {[%emt 0:07:55]} 24. Qh3 {[%emt 0:02:57]} Nf8 {[%emt 0:00:07]} 25. d4 {[%emt 0:05:44]} Neg6 {[%emt 0:05:56]} 26. Bd2 {[%emt 0:05:18]} d5 {[%emt 0:08:17]} 27. Re1 {[%emt 0:09:18]} dxe4 {[%emt 0:00:52]} 28. Rxe4 {[%emt 0:01:25]} Qf7 {[%emt 0:03:10]} 29. a3 {[%emt 0:02:52]} Ra6 {[%emt 0:12:04]} 30. Be3 {[%emt 0:00:30]} Qc7 {[%emt 0:00:30]} 31. Be6+ {[%emt 0:00:00]} Kh8 {[%emt 0:00:00]} 32. Bc4 {[%emt 0:00:00]} Raa8 {[%emt 0:01:00]} 33. d5 {[%emt 0:00:00]} Re8 {[%emt 0:00:00]} 34. Rxe8 {[%emt 0:00:18]} Rxe8 {[%emt 0:00:00]} 35. Bd2 {[%emt 0:00:03]} Rd8 {[%emt 0:00:00]} 36. Re2 {[%emt 0:01:16]} b5 {[%emt 0:00:00]} 37. Bxb5 {[%emt 0:00:11]} Rxd5 {[%emt 0:00:00]} 38. Qf3 {[%emt 0:00:37]} Rd8 {[%emt 0:00:00]} 39. Qf2 {[%emt 0:00:41]} Qd6 {[%emt 0:01:03]} 40. Qe1 {[%emt 0:00:24]} c4 41. Be3 {[%emt 0:32:00]} Ne5 {[%emt 0:03:49]} 42. Rd2 {[%emt 0:00:30]} Qc7 {[%emt 0:10:19]} 43. Rxd8 {[%emt 0:00:00]} Qxd8 {[%emt 0:00:02]} 44. Qd2 {[%emt 0:00:00]} Qc7 {[%emt 0:20:47]} 45. a4 {[%emt 0:00:00]} h6 {[%emt 0:00:00]} 46. Bf4 {[%emt 0:00:00]} Nfg6 {[%emt 0:00:00]} 47. Bg3 {[%emt 0:00:00]} Qb6+ {[%emt 0:00:00]} 48. Qd4 {[%emt 0:00:00]} Qe6 {[%emt 0:00:00]} 49. h3 {[%emt 0:00:00]} Kh7 {[%emt 0:00:00]} 50. Kh2 {[%emt 0:00:00]} Kh8 {[%emt 0:00:00]} 51. Kg1 {[%emt 0:00:00]} h5 {[%emt 0:00:00]} 52. Kh2 {[%emt 0:00:00]} b6 {[%emt 0:00:00]} 53. Bf2 {[%emt 0:00:00]} Nd3 {[%emt 0:02:54]} 54. Bxc4 {[%emt 0:00:00]} Qe5+ {[%emt 0:01:17]} 55. Qxe5 {[%emt 0:00:00]} Ndxe5 {[%emt 0:00:29]} 56. Bb5 {[%emt 0:00:00]} Ne7 {[%emt 0:00:25]} 57. Bxb6 {[%emt 0:00:00]} Nd5 {[%emt 0:00:25]} 58. a5 {[%emt 0:00:00]} Kh7 {[%emt 0:00:48]} 59. Bd4 {[%emt 0:00:00]} Nc7 {[%emt 0:00:18]} 60. Bxe5 {[%emt 0:00:00]} Nxb5 {[%emt 0:00:15]} 61. Bd4 {[%emt 0:00:00]} Nc7 {[%emt 0:00:08]} 62. b4 {[%emt 0:00:00]} Kg6 {[%emt 0:00:04]} 63. Kg3 {[%emt 0:00:00]} Kf5 {[%emt 0:00:06]} 64. Kf3 {[%emt 0:00:00]} g5 {[%emt 0:00:06]} 65. g4+ {[%emt 0:00:00]} hxg4+ {[%emt 0:00:06]} 66. hxg4+ {[%emt 0:00:00]} Ke6 {[%emt 0:00:06]} 67. c4 {[%emt 0:00:00]} f5 {[%emt 0:01:04]} 68. b5 {[%emt 0:00:00]} fxg4+ {[%emt 0:01:07]} 69. Kxg4 {[%emt 0:00:00]} Kd7 {[%emt 0:00:06]} 70. a6 {[%emt 0:00:00]} Kc8 {[%emt 0:00:20]} 71. Bg1 {[%emt 0:00:00]} Ne6 {[%emt 0:01:36]} 72. b6 {[%emt 0:00:00]} Nf8 {[%emt 0:01:20]} 73. b7+ {[%emt 0:00:00]} 1-0

[Event "ISR-ch Women 2018"]
[Site "Ma'alot-Tarshih"]
[Date "2018.12.17"]
[Round "6"]
[White "Efroimski, Marsel"]
[Black "Klinova, Masha"]
[Result "1-0"]
[WhiteElo "2301"]
[BlackElo "2267"]
[Annotator "NA"]
[PlyCount "105"]
[EventDate "2018.12.12"]
[EventType "swiss"]
[EventCountry "ISR"]
[SourceTitle "playchess.com"]
[Source "ChessBase"]
[SourceQuality "1"]
[TimeControl "40/5400+30:1800+30"]

1. e4 {[%emt 0:01:59]} d6 {[%emt 0:00:00]} 2. d4 {[%emt 0:00:09]} Nf6 {[%emt 0:00:00]} 3. Nc3 {[%emt 0:00:04]} g6 {[%emt 0:00:00]} 4. f4 {[%emt 0:00:06]} Bg7 {[%emt 0:00:00]} 5. Nf3 {[%emt 0:00:04]} c5 {[%emt 0:00:00]} 6. Bb5+ {[%emt 0:02:46]} Bd7 {[%emt 0:01:47]} 7. Bxd7+ {[%emt 0:05:56]} Qxd7 {[%emt 0:01:58] B09: Pirc Defence: Austrian Attack} (7... Nbxd7 8. d5 O-O 9. O-O b5 10. Qe1 b4 11. Nd1 Re8 12. e5 Nxd5 13. e6 Nf8 14. exf7+ Kxf7 15. Ng5+ Kg8 {0-1 (49) Piorun,K (2633)-Duda,J (2724) Brest 2018}) 8. dxc5 {[%emt 0:05:12]} dxc5 {[%emt 0:05:22]} 9. Qxd7+ {[%emt 0:09:35]} Nfxd7 {[%emt 0:07:43] LiveBook: 4 Games} 10. Nd5 {[%emt 0:08:29]} (10. Nb5 $5 {[%cal Rb5c7]} Na6 11. c3 $11) 10... Na6 {[%emt 0:02:12]} 11. Bd2 {[%emt 0:01:53]} e6 {[%emt 0:08:37]} 12. Bc3 {[%emt 0:01:23]} Bxc3+ $146 {[%emt 0:32:55]} ({Black should try Predecessor:} 12... exd5 $15 13. Bxg7 Rg8 14. Bc3 dxe4 15. Ng5 {0-1 (32) Weiner,O-Blodig,R Tirschenreuth 1982}) 13. Nxc3 {[%emt 0:00:12]} Ke7 {[%emt 0:00:22]} 14. O-O-O {[%emt 0:04:39]} Rhd8 {[%emt 0:03:40]} 15. Rd2 {[%emt 0:07:46]} Nb6 {[%emt 0:05:43]} 16. Rf2 {[%emt 0:07:41]} f6 $16 {[%emt 0:05:46]} (16... Nb4 $14) 17. Rhf1 {[%emt 0:06:03]} Nb4 {[%emt 0:00:56]} 18. g4 {[%emt 0:06:06]} Nc4 {[%emt 0:02:26]} 19. Re1 {[%emt 0:03:17]} Nc6 {[%emt 0:02:07]} 20. b3 {[%emt 0:09:38]} Nb6 {[%emt 0:01:06]} 21. f5 {[%emt 0:02:27]} e5 {[%emt 0:06:35]} 22. fxg6 {[%emt 0:03:49]} hxg6 {[%emt 0:00:05]} 23. Nh4 {[%emt 0:02:29]} Rg8 {[%emt 0:05:00]} 24. Ref1 {[%emt 0:00:16]} g5 {[%emt 0:03:26]} 25. Nf5+ {[%emt 0:01:06]} Ke6 {[%emt 0:00:05]} 26. Ne3 {[%emt 0:03:37]} Raf8 {[%emt 0:00:07]} 27. Ncd5 {[%emt 0:01:19]} Nd7 {[%emt 0:02:31]} 28. Rd1 {[%emt 0:02:14]} Rc8 {[%emt 0:00:44]} 29. a4 {[%emt 0:03:28]} a6 {[%emt 0:02:14]} 30. Nf5 {[%emt 0:00:18]} Nd4 {[%emt 0:00:41]} 31. Nfe7 {[%emt 0:00:15]} Rh8 {[%emt 0:00:10]} 32. Nxc8 {[%emt 0:00:17]} Rxc8 {[%emt 0:00:05]} 33. Rdf1 {[%emt 0:01:13]} Rf8 {[%emt 0:00:11]} 34. Kb2 {[%emt 0:00:17]} Nc6 {[%emt 0:00:46]} 35. c3 {[%emt 0:00:40]} Ne7 {[%emt 0:00:08]} 36. Nxe7 {[%emt 0:00:29]} Kxe7 {[%emt 0:00:03]} 37. Rd1 {[%emt 0:00:27]} Rc8 {[%emt 0:00:16]} 38. h4 {[%emt 0:00:36]} gxh4 {[%emt 0:00:08]} 39. Rh2 {[%emt 0:00:30]} Rg8 {[%emt 0:00:29]} 40. Rxh4 {[%emt 0:00:07]} Rg7 {[%emt 0:00:06]} 41. Rd5 {[%emt 0:07:07]} b6 {[%emt 0:01:40]} 42. a5 {[%emt 0:05:40]} bxa5 {[%emt 0:01:18]} 43. Rh8 {[%emt 0:00:32]} a4 {[%emt 0:01:41]} 44. Ra8 {[%emt 0:01:11]} axb3 {[%emt 0:00:27]} 45. Kxb3 {[%emt 0:04:28]} c4+ {[%emt 0:02:54]} 46. Kb4 {[%emt 0:01:02]} Rxg4 {[%emt 0:00:41]} 47. Ra7 {[%emt 0:00:07]} Rxe4 {[%emt 0:00:04]} 48. Raxd7+ {[%emt 0:00:32]} Ke6 {[%emt 0:00:07]} 49. R5d6+ {[%emt 0:00:06]} Kf5 {[%emt 0:00:07]} 50. Rf7 {[%emt 0:00:07]} Kf4 {[%emt 0:00:42]} 51. Rfxf6+ {[%emt 0:01:05]} Ke3 {[%emt 0:00:07]} 52. Rxa6 {[%emt 0:00:13]} Rh4 {[%emt 0:00:06]} 53. Rfe6 {[%emt 0:00:46]} 1-0

[Event "ISR-ch Women 2018"]
[Site "Ma'alot-Tarshih"]
[Date "2018.12.17"]
[Round "6"]
[White "Nesterovskaya, Anzhelika"]
[Black "Lahav, Michal"]
[Result "1-0"]
[WhiteElo "2130"]
[BlackElo "2059"]
[Annotator "NA"]
[PlyCount "105"]
[EventDate "2018.12.12"]
[EventType "swiss"]
[EventCountry "ISR"]
[SourceTitle "playchess.com"]
[Source "ChessBase"]
[SourceQuality "1"]
[TimeControl "40/5400+30:1800+30"]

1. e4 {[%emt 0:00:00]} e6 {[%emt 0:00:00]} 2. d4 {[%emt 0:00:00]} d5 {[%emt 0:00:00]} 3. Nd2 {[%emt 0:00:00]} Be7 {[%emt 0:00:51]} 4. Bd3 {[%emt 0:00:10]} c5 {[%emt 0:00:18]} 5. c3 {[%emt 0:00:25]} cxd4 {[%emt 0:04:23]} 6. cxd4 {[%emt 0:00:06]} dxe4 {[%emt 0:00:32]} 7. Nxe4 {[%emt 1:32:49]} Nf6 {[%emt 0:07:31]} 8. Nf3 {[%emt 0:00:00]} Nc6 {[%emt 0:00:54]} 9. O-O {[%emt 0:00:00] LiveBook: 87 Games} O-O {[%emt 0:00:12]} 10. Ng3 {[%emt 0:00:00] B22: Sicilian: 2 c3} Nb4 {[%emt 0:02:10]} 11. Bb1 {[%emt 0:00:00]} b6 {[%emt 0:00:50]} 12. a3 {[%emt 0:00:00]} Nbd5 {[%emt 0:02:40]} 13. Qe2 {[%emt 0:00:00]} Bb7 {[%emt 0:03:04]} 14. Bd2 $146 {[%emt 0:00:00]} ({Predecessor:} 14. Rd1 Rc8 15. Bd3 Rc7 16. Bd2 Qd6 17. Ne5 Rfc8 18. Rac1 {0-1 (39) Vlatkovic,M (2310)-Perunovic,M (2550) Sozina 2004}) 14... Rc8 {[%emt 0:01:30]} 15. Ne5 {[%emt 0:00:00]} Nc7 {[%emt 0:06:48]} 16. Qe3 {[%emt 0:00:00]} Nb5 $15 {[%emt 0:10:45]} 17. Ne2 {[%emt 0:00:00]} g6 {[%emt 0:15:09]} 18. Bd3 {[%emt 0:00:00]} Nd6 {[%emt 0:07:56]} 19. Ng3 {[%emt 0:00:00]} Re8 {[%emt 0:06:19]} 20. Rfe1 {[%emt 0:00:00]} Bf8 {[%emt 0:04:35]} 21. Qe2 {[%emt 0:00:00]} Bg7 {[%emt 0:03:10]} 22. Rad1 {[%emt 0:00:00]} Nf5 {[%emt 0:01:46]} 23. Nxf5 {[%emt 0:00:00]} exf5 {[%emt 0:00:57]} 24. Bb5 {[%emt 0:00:00]} Re6 {[%emt 0:04:34]} 25. Bg5 {[%emt 0:00:00]} Qd6 {[%emt 0:03:55]} 26. Bxf6 {[%emt 0:00:00]} Rxf6 {[%emt 0:00:04]} 27. Ba6 {[%emt 0:00:00]} Bxa6 {[%emt 0:02:49]} 28. Qxa6 {[%emt 0:00:00]} Qc7 {[%emt 0:00:02]} 29. d5 {[%emt 0:00:00]} Rd6 {[%emt 0:00:41]} 30. Nc6 {[%emt 0:00:00]} Bf6 {[%emt 0:01:38]} 31. b4 {[%emt 0:03:29]} Kg7 {[%emt 0:00:02]} 32. h3 {[%emt 0:01:04]} Qd7 {[%emt 0:04:55]} 33. Rd3 {[%emt 0:00:15]} Re8 {[%emt 0:03:40]} 34. Red1 {[%emt 0:00:17]} Ra8 {[%emt 0:00:13]} 35. a4 {[%emt 0:00:47]} Qe8 {[%emt 0:00:57]} 36. a5 {[%emt 0:01:59]} bxa5 {[%emt 0:01:13]} 37. Qxa5 {[%emt 0:00:04]} Qd7 {[%emt 0:00:46]} 38. b5 {[%emt 0:00:33]} Qc8 {[%emt 0:00:36]} 39. Qa3 {[%emt 0:02:41]} Rd7 {[%emt 0:00:23]} 40. Qc5 {[%emt 0:00:26]} Qb7 {[%emt 0:00:41]} 41. Ra3 {[%emt 0:31:58]} Bd8 {[%emt 0:02:57]} 42. d6 {[%emt 0:00:00]} Qb6 {[%emt 0:03:03]} 43. Qd5 {[%emt 0:00:00]} Bf6 {[%emt 0:06:33]} 44. Ra6 {[%emt 0:00:00]} Qb7 {[%emt 0:00:48]} 45. Qc4 {[%emt 0:00:00]} Qc8 {[%emt 0:07:09]} 46. Qa4 {[%emt 0:00:00]} Qe8 {[%emt 0:00:09]} 47. b6 {[%emt 0:00:00]} Rc8 {[%emt 0:05:46]} 48. bxa7 {[%emt 0:00:00]} Rxd6 {[%emt 0:01:32]} 49. Rxd6 {[%emt 0:00:00]} Qe1+ {[%emt 0:01:12]} 50. Kh2 {[%emt 0:00:00]} Rxc6 {[%emt 0:05:47]} 51. Rdxc6 {[%emt 0:00:00]} Be5+ {[%emt 0:00:18]} 52. f4 {[%emt 0:00:00]} Qd2 {[%emt 0:00:43]} 53. fxe5 {[%emt 0:00:00]} 1-0

[Event "ISR-ch Women 2018"]
[Site "Ma'alot-Tarshih"]
[Date "2018.12.17"]
[Round "6"]
[White "Haitovich, Avital"]
[Black "Shvayger, Yuliya"]
[Result "0-1"]
[WhiteElo "1979"]
[BlackElo "2393"]
[Annotator "NA"]
[PlyCount "84"]
[EventDate "2018.12.12"]
[EventType "swiss"]
[EventCountry "ISR"]
[SourceTitle "playchess.com"]
[Source "ChessBase"]
[SourceQuality "1"]
[TimeControl "40/5400+30:1800+30"]

1. Nf3 {[%emt 0:00:00]} c5 {[%emt 0:04:12]} 2. g3 {[%emt 0:00:08]} Nc6 {[%emt 0:00:06]} 3. Bg2 {[%emt 0:00:43]} e5 {[%emt 0:01:24]} 4. d3 {[%emt 0:02:02]} g6 {[%emt 0:01:19]} 5. e4 {[%emt 0:06:50]} Bg7 {[%emt 0:00:37]} 6. O-O {[%emt 0:02:02]} Nge7 {[%emt 0:00:06]} 7. Be3 {[%emt 0:10:46]} d6 {[%emt 0:00:14]} 8. Qd2 {[%emt 0:05:37]} O-O {[%emt 0:05:07]} 9. Bh6 {[%emt 0:02:37]} f5 {[%emt 0:07:27]} 10. c3 {[%emt 0:07:31]} f4 {[%emt 0:02:48]} 11. Bxg7 {[%emt 0:01:16]} Kxg7 {[%emt 0:00:01]} 12. d4 {[%emt 0:07:55]} cxd4 {[%emt 0:11:17]} 13. cxd4 {[%emt 0:02:07]} Bg4 {[%emt 0:00:02] LiveBook: 3 Games} 14. dxe5 {[%emt 0:09:48]} Bxf3 {[%emt 0:09:01]} 15. Bxf3 {[%emt 0:05:40]} Nxe5 {[%emt 0:02:00]} 16. Bh1 {[%emt 0:04:54]} f3 {[%emt 0:00:27]} 17. Rd1 {[%emt 0:05:22]} Rf6 {[%emt 0:00:22]} 18. Nc3 {[%emt 0:05:44]} Qd7 $17 {[%emt 0:00:56]} 19. Qg5 {[%emt 0:14:03]} Rd8 {[%emt 0:00:40]} 20. Nd5 {[%emt 0:00:28]} Nxd5 {[%emt 0:00:52]} 21. Rxd5 {[%emt 0:00:03]} h6 {[%emt 0:12:01]} 22. Qd2 {[%emt 0:00:32]} Re8 {[%emt 0:06:42]} 23. h4 {[%emt 0:03:18]} Qh3 {[%emt 0:07:49]} 24. Rxd6 {[%emt 0:01:53]} Ng4 {[%emt 0:00:01]} 25. Bxf3 {[%emt 0:00:37]} Rxd6 {[%emt 0:07:00]} 26. Bxg4 {[%emt 0:00:26]} Qxg3+ {[%emt 0:01:08]} 27. fxg3 {[%emt 0:00:01]} Rxd2 {[%emt 0:00:09]} 28. b3 {[%emt 0:00:56]} Rxe4 {[%emt 0:00:10]} 29. Bf3 {[%emt 0:00:01]} Re3 {[%emt 0:01:03]} 30. Bxb7 {[%emt 0:00:35]} Rxg3+ {[%emt 0:00:02]} 31. Kf1 {[%emt 0:00:14]} Rh3 {[%emt 0:01:27]} 32. Ke1 {[%emt 0:00:27]} Rb2 {[%emt 0:01:09]} 33. Rc1 {[%emt 0:01:02]} Rxa2 {[%emt 0:00:12]} 34. Rc7+ {[%emt 0:00:05]} Kf8 {[%emt 0:00:53]} 35. Bd5 {[%emt 0:00:46]} Rhh2 {[%emt 0:00:21]} 36. Rc1 {[%emt 0:00:36]} Rxh4 {[%emt 0:00:17]} 37. Kf1 {[%emt 0:00:44]} Rhh2 {[%emt 0:00:55]} 38. Kg1 {[%emt 0:00:12]} Rhd2 {[%emt 0:00:57]} 39. Bc4 {[%emt 0:00:45]} Rg2+ {[%emt 0:01:04]} 40. Kh1 {[%emt 0:00:41]} Rh2+ {[%emt 0:00:10]} 41. Kg1 {[%emt 0:30:05]} Rag2+ {[%emt 0:30:06]} 42. Kf1 {[%emt 0:00:08]} Rh1+ {[%emt 0:00:11]} 0-1

[Event "ISR-ch Women 2018"]
[Site "Ma'alot-Tarshih"]
[Date "2018.12.17"]
[Round "6"]
[White "Buzukashvili, Sofia"]
[Black "Brusilovski, Lena"]
[Result "1-0"]
[WhiteElo "1963"]
[BlackElo "1886"]
[Annotator "NA"]
[PlyCount "117"]
[EventDate "2018.12.12"]
[EventType "swiss"]
[EventCountry "ISR"]
[SourceTitle "playchess.com"]
[Source "ChessBase"]
[SourceQuality "1"]
[TimeControl "40/5400+30:1800+30"]

1. c4 {[%emt 0:04:27]} Nf6 {[%emt 0:18:56]} 2. d4 {[%emt 0:00:16]} g6 {[%emt 0:02:52]} 3. f3 {[%emt 0:00:20]} Bg7 {[%emt 0:03:56]} 4. e4 {[%emt 0:00:26]} d6 {[%emt 0:01:54]} 5. Nc3 {[%emt 0:00:17]} O-O {[%emt 0:01:15]} 6. Be3 {[%emt 0:00:24]} c6 {[%emt 0:00:42]} 7. Qd2 {[%emt 0:00:46]} Re8 {[%emt 0:00:47]} 8. Nge2 {[%emt 0:01:08]} Qc7 {[%emt 0:01:24]} 9. g4 {[%emt 0:01:28]} e5 {[%emt 0:01:27]} 10. d5 {[%emt 0:00:45]} a5 {[%emt 0:00:33]} 11. Ng3 {[%emt 0:06:16]} Na6 {[%emt 0:02:56]} 12. h4 {[%emt 0:01:55]} Nb4 {[%emt 0:08:20]} (12... Nd7 $16 13. h5 Nac5) 13. h5 {[%emt 0:06:26]} Bxg4 $2 {[%emt 0:00:46]} (13... Nd7 14. O-O-O (14. hxg6 fxg6 15. Qh2 Nf8 $16) 14... Na6) 14. fxg4 {[%emt 0:01:48]} Nxg4 {[%emt 0:00:13]} 15. Rc1 {[%emt 0:05:54]} Nxe3 {[%emt 0:01:58]} 16. Qxe3 {[%emt 0:00:18]} Rac8 {[%emt 0:00:42]} (16... Qe7 $142 17. hxg6 fxg6) 17. Rg1 {[%emt 0:05:14]} Qe7 $18 {[%emt 0:04:02]} 18. a3 {[%emt 0:16:19]} cxd5 {[%emt 0:03:04]} 19. cxd5 {[%emt 0:01:56]} Na6 {[%emt 0:00:26]} 20. Bxa6 {[%emt 0:02:04]} bxa6 {[%emt 0:00:24]} 21. Rc2 {[%emt 0:02:27]} Qh4 {[%emt 0:02:45]} 22. Rf2 {[%emt 0:01:38]} Rc7 {[%emt 0:02:07]} 23. Rh1 {[%emt 0:11:53]} Bh6 {[%emt 0:02:28]} 24. Qxh6 {[%emt 0:02:32]} Qxg3 {[%emt 0:00:33]} 25. hxg6 {[%emt 0:02:32]} fxg6 {[%emt 0:00:12]} 26. Rh3 {[%emt 0:07:29]} Qg1+ {[%emt 0:01:39]} 27. Rf1 {[%emt 0:00:21]} Qg2 {[%emt 0:02:47]} 28. Rhf3 {[%emt 0:00:55]} Rg7 {[%emt 0:00:21]} 29. R1f2 {[%emt 0:04:49]} Qg1+ {[%emt 0:00:35]} 30. Rf1 {[%emt 0:00:15]} Qg2 {[%emt 0:00:08]} 31. R3f2 {[%emt 0:00:26]} Qg3 {[%emt 0:00:16]} 32. Qh2 {[%emt 0:05:11]} Qe3+ {[%emt 0:00:55]} 33. Re2 {[%emt 0:00:35]} Qc1+ {[%emt 0:00:56]} 34. Nd1 {[%emt 0:00:05]} Qb1 {[%emt 0:04:36]} 35. Qh3 {[%emt 0:00:43]} Rc7 {[%emt 0:01:20]} 36. Rh1 {[%emt 0:03:02]} Ree7 {[%emt 0:00:58]} 37. Qh6 {[%emt 0:03:42]} Rc1 {[%emt 0:01:07]} 38. Qd2 {[%emt 0:00:32]} Rec7 {[%emt 0:00:47]} 39. Kf2 {[%emt 0:00:50]} R7c2 {[%emt 0:02:09]} 40. Qd3 {[%emt 0:00:27]} Rxe2+ {[%emt 0:00:29]} 41. Kxe2 {[%emt 0:30:27]} Rc2+ {[%emt 0:30:21]} 42. Ke1 {[%emt 0:00:00]} Qc1 {[%emt 0:00:00]} 43. Rf1 {[%emt 0:00:00]} Rxb2 {[%emt 0:00:00]} 44. Rf2 {[%emt 0:00:00]} Rb8 {[%emt 0:00:00]} 45. Qh3 {[%emt 0:00:00]} Qc8 {[%emt 0:00:00]} 46. Qxc8+ {[%emt 0:00:00]} Rxc8 {[%emt 0:00:00]} 47. Rf6 {[%emt 0:00:00]} Rd8 {[%emt 0:00:00]} 48. Ne3 {[%emt 0:00:00]} Kg7 {[%emt 0:00:00]} 49. Re6 {[%emt 0:00:00]} Rc8 {[%emt 0:00:00]} 50. Kd2 {[%emt 0:00:00]} Kh6 {[%emt 0:00:00]} 51. Rxd6 {[%emt 0:00:00]} Kg5 {[%emt 0:00:00]} 52. Rc6 {[%emt 0:00:00]} Rb8 {[%emt 0:00:00]} 53. d6 {[%emt 0:00:00]} Kf6 {[%emt 0:00:00]} 54. Nc4 {[%emt 0:00:00]} Ke6 {[%emt 0:00:00]} 55. Rxa6 {[%emt 0:00:00]} g5 {[%emt 0:00:00]} 56. Rxa5 {[%emt 0:00:00]} g4 {[%emt 0:00:00]} 57. Rxe5+ {[%emt 0:00:00]} Kf6 {[%emt 0:00:00]} 58. Rf5+ {[%emt 0:00:00]} Kg6 {[%emt 0:00:00]} 59. Ne5+ {[%emt 0:00:00]} 1-0

[Event "ISR-ch Women 2018"]
[Site "Ma'alot-Tarshih"]
[Date "2018.12.17"]
[Round "6"]
[White "Katkov, Michelle"]
[Black "Reprun, Nadejda"]
[Result "0-1"]
[WhiteElo "1887"]
[BlackElo "2016"]
[Annotator "NA"]
[PlyCount "92"]
[EventDate "2018.12.12"]
[EventType "swiss"]
[EventCountry "ISR"]
[SourceTitle "playchess.com"]
[Source "ChessBase"]
[SourceQuality "1"]
[TimeControl "40/5400+30:1800+30"]

1. e4 {[%emt 0:00:00]} c6 {[%emt 0:00:00]} 2. d4 {[%emt 0:00:09]} d5 {[%emt 0:00:00]} 3. exd5 {[%emt 0:00:09]} cxd5 {[%emt 0:00:00]} 4. c4 {[%emt 0:00:21]} Nf6 {[%emt 0:00:00]} 5. Nc3 {[%emt 0:00:07]} e6 {[%emt 0:00:00]} 6. Bd3 {[%emt 0:00:41]} dxc4 {[%emt 0:00:15]} 7. Bxc4 {[%emt 0:00:06]} Be7 {[%emt 0:01:08]} 8. Nf3 {[%emt 0:00:30]} O-O {[%emt 0:00:13]} 9. O-O {[%emt 0:00:10]} a6 {[%emt 0:01:52]} 10. a3 {[%emt 0:00:31]} b5 {[%emt 0:00:44]} 11. Ba2 {[%emt 0:01:47]} Bb7 {[%emt 0:00:04]} 12. Re1 {[%emt 0:03:04] D40: Queen's Gambit Declined: Semi-Tarrasch with 5 e3} Nbd7 {[%emt 0:03:01]} (12... Nc6 13. d5 exd5 14. Nxd5 Nxd5 15. Bxd5 Bf6 16. Rb1 Na5 17. Bxb7 Nxb7 18. Be3 Qxd1 19. Rexd1 Rfc8 20. g4 Na5 {½-½ (56) Gashimov,V (2733)-Ivanchuk,V (2764) Warsaw 2010}) 13. Bg5 {[%emt 0:06:33]} Nb6 {[%emt 0:02:22]} 14. Ne5 {[%emt 0:03:53] LiveBook: 5 Games} Nbd5 {[%emt 0:02:08]} 15. Qd3 {[%emt 0:04:56]} Nxc3 {[%emt 0:02:05]} 16. bxc3 {[%emt 0:00:28]} Rc8 {[%emt 0:06:38]} 17. Rad1 {[%emt 0:08:39]} Bd5 $146 {[%emt 0:06:35]} ({Predecessor:} 17... Nd5 18. Bd2 Bg5 19. c4 Bxd2 20. Qxd2 bxc4 {½-½ (20) Vujicic,M (2299)-Lecic,P (2166) Belgrade 2011}) 18. Bb1 {[%emt 0:03:53]} g6 {[%emt 0:00:55]} 19. Qh3 {[%emt 0:02:35]} Nh5 {[%emt 0:16:57]} 20. Bh6 {[%emt 0:06:27]} Re8 {[%emt 0:01:05]} 21. Qg4 {[%emt 0:10:27]} f5 $19 {[%emt 0:02:08]} ({Stronger than} 21... Rxc3 22. Bxg6 fxg6 {[#]} 23. Nxg6 $1 $11 {[%mdl 512]}) ({Inferior is} 21... Bxa3 22. Nxg6 $1 {[%mdl 512]} hxg6 23. Bxg6 $1 $16 {[%mdl 512]}) 22. Qh3 {[%emt 0:08:08]} Bg5 {[%emt 0:01:31]} 23. Bxg5 {[%emt 0:01:07]} Qxg5 {[%emt 0:00:03]} 24. Nf3 {[%emt 0:05:00]} Qe7 {[%emt 0:08:36]} 25. Bxf5 {[%emt 0:05:33]} Rxc3 {[%emt 0:04:18]} 26. Be4 {[%emt 0:03:04]} Bxe4 {[%emt 0:04:54]} 27. Rxe4 {[%emt 0:00:06]} Qf6 {[%emt 0:07:25]} 28. Qg4 {[%emt 0:04:22]} Qf5 {[%emt 0:03:24]} 29. Qxf5 {[%emt 0:00:52]} gxf5 {[%emt 0:00:02]} 30. Re3 {[%emt 0:03:56]} Rxe3 {[%emt 0:00:54]} 31. fxe3 {[%emt 0:00:01]} Rc8 {[%emt 0:00:27]} 32. Rd3 {[%emt 0:01:54]} Nf6 {[%emt 0:01:04]} 33. Kf2 {[%emt 0:01:25]} Rc2+ {[%emt 0:01:32]} 34. Kf1 {[%emt 0:02:22]} Kf7 {[%emt 0:02:24]} 35. Ne1 {[%emt 0:00:09]} Ra2 {[%emt 0:01:28]} 36. Rc3 {[%emt 0:01:10]} Nd5 {[%emt 0:01:20]} 37. Rb3 {[%emt 0:00:34]} a5 {[%emt 0:04:00]} 38. Rxb5 {[%emt 0:03:41]} Nxe3+ {[%emt 0:00:35]} 39. Kg1 {[%emt 0:00:05]} Rxa3 {[%emt 0:01:54]} 40. Rb7+ {[%emt 0:01:55]} Kf6 {[%emt 0:01:13]} 41. h4 {[%emt 0:32:32]} h6 {[%emt 0:32:49]} 42. Ra7 {[%emt 0:01:13]} Ra2 {[%emt 0:12:57]} 43. Kh2 {[%emt 0:00:42]} Re2 {[%emt 0:00:00]} 44. Nf3 {[%emt 0:00:03]} Rxg2+ {[%emt 0:00:00]} 45. Kh3 {[%emt 0:00:08]} Rg7 {[%emt 0:00:00]} 46. Rxa5 {[%emt 0:00:10]} Nf1 {[%emt 0:00:00]} 0-1